Statistiques concernant Pays sans littoral d'Europe

Cliquez ici pour prendre le quiz!

Statistiques générales

  • Ce quiz a été pris 6,219 fois
  • Le résultat moyen est 13 sur 15

Statistiques - réponses

Pays % Correct
Suisse
95%
Autriche
93%
Andorre
91%
Slovaquie
90%
République tchèque
89%
Luxembourg
88%
Hongrie
88%
Liechtenstein
87%
Serbie
82%
Vatican
82%
Kosovo
78%
Macédoine
77%
Biélorussie
77%
Saint-Marin
75%
Moldavie
73%

Distribution des résultats

Percentile by Number Answered

% des personnes avec chaque résultat

Votre développement - résultats

Vous n’avez pas pris ce quiz